[Event "Szolnok Agora op 2nd"]
[Site "Szolnok"]
[Date "2023.06.30"]
[Round "4"]
[White "Hideg, Ferenc Bendeguz"]
[Black "Szabo, Imre K"]
[Result "1-0"]
[WhiteElo "1799"]
[BlackElo "1394"]
[PlyCount "89"]
[EventDate "2023.06.29"]
[EventType "swiss"]
[EventRounds "7"]
[EventCountry "HUN"]
[SourceTitle "EXT 2024"]
[Source "ChessBase"]
[SourceDate "2023.10.10"]
[SourceVersion "1"]
[SourceVersionDate "2023.10.10"]
[SourceQuality "1"]

1. d4 e6 2. c4 c5 3. d5 d6 4. Nc3 g6 5. f4 Bg7 6. Bd2 Nf6 7. e4 Nbd7 8. Nf3 a6 9. a4 e5 10. fxe5 Nxe5 11. Nxe5 dxe5 12. Be2 h6 13. 0-0 Bd7 14. Qc2 Ng8 15. Bd3 Bg4 16. a5 Bd7 17. Be3 Rc8 18. h3 f6 19. Qf2 Qe7 20. Bc2 Bf8 21. Bd1 h5 22. Na4 Bxa4 23. Bxa4+ Kf7 24. Qg3 Qd6 25. Bf2 Bh6 26. Bd1 Bf4 27. Qb3 Rc7 28. Be1 h4 29. Bg4 Kg7 30. Qa4 Ne7 31. Rb1 f5 32. Bf3 Be3+ 33. Kh1 g5 34. Bc3 Ng6 35. exf5 Nf4 36. b4 Nd3 37. b5 Nf2+ 38. Rxf2 Bxf2 39. bxa6 bxa6 40. Rb6 Qd7 41. Bxe5+ Kf7 42. Qxd7+ Rxd7 43. Bxh8 Re7 44. Rb1 Bd4 45. Bxd4 1-0